[Event "ODJM B 2023"]
[Site "Willingen GER"]
[Date "2023.05.28"]
[Round "1"]
[White "Tulchynsky, Mark"]
[Black "Stepanjan, Tatevik Mia"]
[Result "0-1"]
[Termination "normal"]
[Board "32"]
[WhiteElo "1425"]
[BlackElo "1206"]
[WhiteClock "00:40:45"]
[BlackClock "00:37:14"]
[PlyCount "54"]
[WhiteFideId "34617698"]
[BlackFideId "16246128"]
[EventCountry "GER"]
[EventRounds "9"]
[EventType "swiss"]
[EventDate "2023.05.27"]

1. e4 {[%clk 01:30:58] [%emt 00:00:02]} 1... c5 {[%clk 01:30:55] [%emt
00:00:05]} 2. d4 {[%clk 01:31:22] [%emt 00:00:05]} 2... cxd4 {[%clk 01:29:33]
[%emt 00:01:53]} 3. c3 {[%clk 01:31:47] [%emt 00:00:06]} 3... Nc6 {[%clk
01:29:27] [%emt 00:00:35]} 4. Nf3 {[%clk 01:32:10] [%emt 00:00:07]} 4... e6
{[%clk 01:29:15] [%emt 00:00:43]} 5. cxd4 {[%clk 01:31:37] [%emt 00:01:02]}
5... d6 {[%clk 01:29:06] [%emt 00:00:39]} 6. Nc3 {[%clk 01:31:55] [%emt
00:00:12]} 6... Nf6 {[%clk 01:28:54] [%emt 00:00:41]} 7. Bb5 {[%clk 01:31:08]
[%emt 00:01:18]} 7... Bd7 {[%clk 01:28:21] [%emt 00:01:02]} 8. O-O {[%clk
01:29:39] [%emt 00:02:00]} 8... Be7 {[%clk 01:28:21] [%emt 00:00:29]} 9. Be3
{[%clk 01:19:17] [%emt 00:10:53]} 9... O-O {[%clk 01:27:03] [%emt 00:01:48]}
10. Qe2 {[%clk 01:19:14] [%emt 00:00:33]} 10... a6 {[%clk 01:25:50] [%emt
00:01:43]} 11. Bc4 {[%clk 01:15:37] [%emt 00:04:07]} 11... b5 {[%clk 01:24:46]
[%emt 00:01:34]} 12. Bd3 {[%clk 01:13:56] [%emt 00:02:11]} 12... Nb4 {[%clk
01:23:20] [%emt 00:01:55]} 13. a3 {[%clk 01:10:14] [%emt 00:04:13]} 13... Nxd3
{[%clk 01:20:12] [%emt 00:03:37]} 14. Qxd3 {[%clk 01:10:26] [%emt 00:00:19]}
14... Bc6 {[%clk 01:19:22] [%emt 00:01:19]} 15. Rac1 {[%clk 01:07:17] [%emt
00:03:39]} 15... Rc8 {[%clk 01:17:26] [%emt 00:02:26]} 16. d5 {[%clk 01:00:38]
[%emt 00:07:10]} 16... exd5 {[%clk 01:16:25] [%emt 00:01:30]} 17. Nxd5 {[%clk
00:59:56] [%emt 00:01:13]} 17... Bxd5 {[%clk 01:15:26] [%emt 00:01:28]} 18.
exd5 {[%clk 01:00:20] [%emt 00:00:06]} 18... Qd7 {[%clk 01:14:07] [%emt
00:01:50]} 19. Bg5 {[%clk 00:56:00] [%emt 00:04:49]} 19... h6 {[%clk 01:10:55]
[%emt 00:03:42]} 20. Bxf6 {[%clk 00:55:20] [%emt 00:01:10]} 20... Bxf6 {[%clk
01:08:26] [%emt 00:02:59]} 21. Nd4 {[%clk 00:52:50] [%emt 00:03:00]} 21... Qg4
{[%clk 01:05:31] [%emt 00:03:25]} 22. Nf5 {[%clk 00:47:35] [%emt 00:05:45]}
22... Rxc1 {[%clk 01:04:21] [%emt 00:01:40]} 23. Rxc1 {[%clk 00:46:27] [%emt
00:01:39]} 23... Bxb2 {[%clk 01:02:32] [%emt 00:02:19]} 24. Rc6 {[%clk
00:46:51] [%emt 00:00:06]} 24... Bxa3 {[%clk 00:59:28] [%emt 00:03:34]} 25.
Rxa6 {[%clk 00:46:59] [%emt 00:00:21]} 25... Bc5 {[%clk 00:42:02] [%emt
00:17:55]} 26. Nxd6 {[%clk 00:40:56] [%emt 00:06:34]} 26... Qf4 {[%clk
00:39:49] [%emt 00:02:42]} 27. Ne4 {[%clk 00:40:45] [%emt 00:00:42]} 27... Re8
{[%clk 00:37:14] [%emt 00:03:05]} 0-1

[Event "ODJM B 2023"]
[Site "Willingen GER"]
[Date "2023.05.28"]
[Round "1"]
[White "Kutz, Ida Klara"]
[Black "Uhlmann, Jonas"]
[Result "1-0"]
[Termination "normal"]
[Board "33"]
[WhiteElo "1411"]
[BlackElo "1558"]
[WhiteClock "00:15:04"]
[BlackClock "00:25:12"]
[PlyCount "79"]
[WhiteFideId "16296257"]
[BlackFideId "16258576"]
[EventCountry "GER"]
[EventRounds "9"]
[EventType "swiss"]
[EventDate "2023.05.27"]

1. Nf3 {[%clk 01:30:58] [%emt 00:00:02]} 1... d5 {[%clk 01:29:20] [%emt
00:01:40]} 2. g3 {[%clk 01:31:05] [%emt 00:00:23]} 2... Nf6 {[%clk 01:29:24]
[%emt 00:00:26]} 3. Bg2 {[%clk 01:30:16] [%emt 00:01:18]} 3... e6 {[%clk
01:26:24] [%emt 00:03:31]} 4. O-O {[%clk 01:29:13] [%emt 00:01:32]} 4... Be7
{[%clk 01:26:32] [%emt 00:00:22]} 5. c4 {[%clk 01:29:20] [%emt 00:00:24]} 5...
O-O {[%clk 01:26:44] [%emt 00:00:17]} 6. b3 {[%clk 01:29:21] [%emt 00:00:30]}
6... c5 {[%clk 01:26:53] [%emt 00:00:21]} 7. d4 {[%clk 01:29:32] [%emt
00:00:19]} 7... Nc6 {[%clk 01:25:41] [%emt 00:01:42]} 8. Bb2 {[%clk 01:26:52]
[%emt 00:03:10]} 8... dxc4 {[%clk 01:18:07] [%emt 00:08:05]} 9. bxc4 {[%clk
01:26:20] [%emt 00:01:01]} 9... cxd4 {[%clk 01:17:50] [%emt 00:00:47]} 10. Nxd4
{[%clk 01:26:30] [%emt 00:00:20]} 10... Nxd4 {[%clk 01:17:47] [%emt 00:00:32]}
11. Qxd4 {[%clk 01:26:39] [%emt 00:00:22]} 11... Qxd4 {[%clk 01:17:26] [%emt
00:00:51]} 12. Bxd4 {[%clk 01:27:03] [%emt 00:00:06]} 12... Rd8 {[%clk
01:17:46] [%emt 00:00:09]} 13. e3 {[%clk 01:25:24] [%emt 00:02:09]} 13... Bd6
{[%clk 01:14:05] [%emt 00:04:12]} 14. f4 {[%clk 01:21:24] [%emt 00:04:28]}
14... Rb8 {[%clk 01:11:47] [%emt 00:02:50]} 15. Bxa7 {[%clk 01:18:21] [%emt
00:03:33]} 15... Ra8 {[%clk 01:11:17] [%emt 00:00:59]} 16. Bd4 {[%clk 01:16:19]
[%emt 00:02:33]} 16... Ra6 {[%clk 01:10:21] [%emt 00:01:26]} 17. Nc3 {[%clk
01:09:52] [%emt 00:06:57]} 17... Be7 {[%clk 01:08:05] [%emt 00:02:45]} 18. Rab1
{[%clk 01:08:59] [%emt 00:01:23]} 18... Bf8 {[%clk 01:07:35] [%emt 00:01:00]}
19. Bxb7 {[%clk 01:08:32] [%emt 00:00:58]} 19... Bxb7 {[%clk 01:07:57] [%emt
00:00:08]} 20. Rxb7 {[%clk 01:08:56] [%emt 00:00:06]} 20... Rc6 {[%clk
01:07:46] [%emt 00:00:40]} 21. a4 {[%clk 01:02:53] [%emt 00:06:34]} 21... Rxc4
{[%clk 01:07:24] [%emt 00:00:52]} 22. Ra1 {[%clk 01:01:11] [%emt 00:02:11]}
22... h6 {[%clk 00:58:17] [%emt 00:09:37]} 23. a5 {[%clk 00:58:28] [%emt
00:03:14]} 23... Bc5 {[%clk 00:55:39] [%emt 00:03:08]} 24. Ra4 {[%clk 00:53:19]
[%emt 00:05:39]} 24... Rxa4 {[%clk 00:52:55] [%emt 00:03:13]} 25. Nxa4 {[%clk
00:53:41] [%emt 00:00:09]} 25... Bxd4 {[%clk 00:49:49] [%emt 00:03:36]} 26.
exd4 {[%clk 00:54:03] [%emt 00:00:08]} 26... Ra8 {[%clk 00:48:29] [%emt
00:01:49]} 27. Rb5 {[%clk 00:54:05] [%emt 00:00:29]} 27... Nd5 {[%clk 00:46:16]
[%emt 00:02:43]} 28. Rc5 {[%clk 00:50:51] [%emt 00:03:45]} 28... Ra6 {[%clk
00:43:14] [%emt 00:03:31]} 29. Nb2 {[%clk 00:49:40] [%emt 00:01:41]} 29... Kf8
{[%clk 00:42:33] [%emt 00:01:10]} 30. Kf2 {[%clk 00:48:54] [%emt 00:01:17]}
30... Ke7 {[%clk 00:42:12] [%emt 00:00:50]} 31. Ke2 {[%clk 00:48:13] [%emt
00:01:11]} 31... f5 {[%clk 00:41:21] [%emt 00:01:22]} 32. Kd3 {[%clk 00:44:45]
[%emt 00:03:58]} 32... g5 {[%clk 00:37:39] [%emt 00:04:11]} 33. fxg5 {[%clk
00:42:56] [%emt 00:02:19]} 33... hxg5 {[%clk 00:37:49] [%emt 00:00:19]} 34. Nd1
{[%clk 00:35:49] [%emt 00:07:38]} 34... f4 {[%clk 00:35:50] [%emt 00:02:29]}
35. gxf4 {[%clk 00:33:50] [%emt 00:02:29]} 35... gxf4 {[%clk 00:35:33] [%emt
00:00:47]} 36. Nc3 {[%clk 00:27:25] [%emt 00:06:56]} 36... Nf6 {[%clk 00:32:53]
[%emt 00:03:09]} 37. Ke2 {[%clk 00:23:33] [%emt 00:04:22]} 37... Nd7 {[%clk
00:26:31] [%emt 00:06:53]} 38. Rb5 {[%clk 00:17:18] [%emt 00:06:45]} 38... Rd6
{[%clk 00:25:36] [%emt 00:01:24]} 39. Rb4 {[%clk 00:14:44] [%emt 00:03:05]}
39... Kf6 {[%clk 00:25:12] [%emt 00:00:54]} 40. Ne4+ {[%clk 00:15:04] [%emt
00:00:10]} 1-0

[Event "ODJM B 2023"]
[Site "Willingen GER"]
[Date "2023.05.28"]
[Round "1"]
[White "Frowein, Jamie"]
[Black "Moldovan, Tudor"]
[Result "1-0"]
[Termination "normal"]
[Board "34"]
[WhiteElo "1441"]
[BlackElo "1380"]
[WhiteClock "00:19:22"]
[BlackClock "00:35:28"]
[PlyCount "57"]
[WhiteFideId "16282949"]
[BlackFideId "16288203"]
[EventCountry "GER"]
[EventRounds "9"]
[EventType "swiss"]
[EventDate "2023.05.27"]

1. c4 {[%clk 01:30:59]} 1... g6 {[%clk 01:30:52] [%emt 00:00:09]} 2. Nf3 {[%clk
01:31:22] [%emt 00:00:06]} 2... Bg7 {[%clk 01:31:14] [%emt 00:00:08]} 3. d4
{[%clk 01:31:15] [%emt 00:00:37]} 3... d6 {[%clk 01:31:16] [%emt 00:00:28]} 4.
Nc3 {[%clk 01:31:19] [%emt 00:00:26]} 4... Nd7 {[%clk 01:31:09] [%emt
00:00:37]} 5. g3 {[%clk 01:27:10] [%emt 00:04:38]} 5... Ngf6 {[%clk 01:26:05]
[%emt 00:05:34]} 6. Bg2 {[%clk 01:27:08] [%emt 00:00:33]} 6... O-O {[%clk
01:25:46] [%emt 00:00:48]} 7. O-O {[%clk 01:27:31] [%emt 00:00:08]} 7... Nb6
{[%clk 01:23:48] [%emt 00:02:29]} 8. Qd3 {[%clk 01:22:39] [%emt 00:05:21]} 8...
Re8 {[%clk 01:14:15] [%emt 00:10:02]} 9. Re1 {[%clk 01:21:39] [%emt 00:01:31]}
9... Nfd7 {[%clk 00:59:44] [%emt 00:15:00]} 10. e4 {[%clk 01:19:37] [%emt
00:02:33]} 10... c5 {[%clk 00:57:12] [%emt 00:03:02]} 11. d5 {[%clk 01:05:45]
[%emt 00:14:22]} 11... Ne5 {[%clk 00:56:37] [%emt 00:01:05]} 12. Nxe5 {[%clk
01:05:32] [%emt 00:00:43]} 12... Bxe5 {[%clk 00:56:59] [%emt 00:00:08]} 13. f4
{[%clk 00:58:51] [%emt 00:07:11]} 13... Bg7 {[%clk 00:54:29] [%emt 00:03:00]}
14. e5 {[%clk 00:53:35] [%emt 00:05:46]} 14... Bf5 {[%clk 00:53:18] [%emt
00:01:41]} 15. Be4 {[%clk 00:46:26] [%emt 00:07:39]} 15... Bxe4 {[%clk
00:52:42] [%emt 00:01:06]} 16. Nxe4 {[%clk 00:46:39] [%emt 00:00:17]} 16...
dxe5 {[%clk 00:51:27] [%emt 00:01:45]} 17. fxe5 {[%clk 00:46:42] [%emt
00:00:27]} 17... Bxe5 {[%clk 00:50:22] [%emt 00:01:35]} 18. Nxc5 {[%clk
00:46:49] [%emt 00:00:23]} 18... Qc7 {[%clk 00:49:40] [%emt 00:01:03]} 19. Nxb7
{[%clk 00:25:51] [%emt 00:21:37]} 19... Bxg3 {[%clk 00:48:51] [%emt 00:01:19]}
20. Qxg3 {[%clk 00:24:43] [%emt 00:01:38]} 20... Qxb7 {[%clk 00:49:08] [%emt
00:00:14]} 21. b3 {[%clk 00:24:55] [%emt 00:00:18]} 21... Nd7 {[%clk 00:48:26]
[%emt 00:01:11]} 22. Bb2 {[%clk 00:23:48] [%emt 00:01:37]} 22... Rac8 {[%clk
00:43:50] [%emt 00:05:06]} 23. Qh4 {[%clk 00:21:42] [%emt 00:02:36]} 23... Qb6+
{[%clk 00:42:13] [%emt 00:02:07]} 24. Bd4 {[%clk 00:20:58] [%emt 00:01:14]}
24... Qa6 {[%clk 00:41:18] [%emt 00:01:17]} 25. Rxe7 {[%clk 00:20:29] [%emt
00:01:06]} 25... Rxe7 {[%clk 00:37:13] [%emt 00:04:36]} 26. Qxe7 {[%clk
00:20:48] [%emt 00:00:12]} 26... Qb7 {[%clk 00:36:31] [%emt 00:01:04]} 27. Rf1
{[%clk 00:20:14] [%emt 00:01:11]} 27... Rf8 {[%clk 00:36:47] [%emt 00:00:15]}
28. Rf4 {[%clk 00:19:28] [%emt 00:01:15]} 28... Qb8 {[%clk 00:35:28] [%emt
00:01:44]} 29. Rh4 {[%clk 00:19:22] [%emt 00:00:41]} 1-0

[Event "ODJM B 2023"]
[Site "Willingen GER"]
[Date "2023.05.28"]
[Round "1"]
[White "Köpnick, Amanda"]
[Black "Hoffmann, Sophia"]
[Result "1/2-1/2"]
[Termination "normal"]
[Board "35"]
[WhiteElo "1271"]
[BlackElo "1315"]
[WhiteClock "00:07:25"]
[BlackClock "00:06:12"]
[PlyCount "56"]
[WhiteFideId "34618538"]
[BlackFideId "16259130"]
[EventCountry "GER"]
[EventRounds "9"]
[EventType "swiss"]
[EventDate "2023.05.27"]

1. e4 {[%clk 01:30:58] [%emt 00:00:01]} 1... e5 {[%clk 01:30:57] [%emt
00:00:04]} 2. Nf3 {[%clk 01:31:23] [%emt 00:00:04]} 2... Nc6 {[%clk 01:31:24]
[%emt 00:00:03]} 3. Bc4 {[%clk 01:31:45] [%emt 00:00:08]} 3... Bc5 {[%clk
01:31:48] [%emt 00:00:06]} 4. c3 {[%clk 01:31:56] [%emt 00:00:19]} 4... Nf6
{[%clk 01:31:38] [%emt 00:00:40]} 5. d3 {[%clk 01:32:07] [%emt 00:00:20]} 5...
d6 {[%clk 01:31:36] [%emt 00:00:32]} 6. Bg5 {[%clk 01:31:48] [%emt 00:00:48]}
6... h6 {[%clk 01:31:21] [%emt 00:00:45]} 7. Bh4 {[%clk 01:31:20] [%emt
00:00:57]} 7... a6 {[%clk 01:30:08] [%emt 00:01:45]} 8. O-O {[%clk 01:27:03]
[%emt 00:04:47]} 8... g5 {[%clk 01:19:41] [%emt 00:10:56]} 9. Bg3 {[%clk
01:22:43] [%emt 00:04:50]} 9... Rg8 {[%clk 01:15:59] [%emt 00:04:12]} 10. b4
{[%clk 01:08:17] [%emt 00:14:56]} 10... Ba7 {[%clk 01:11:45] [%emt 00:04:44]}
11. Qc1 {[%clk 01:06:55] [%emt 00:01:52]} 11... Bg4 {[%clk 01:04:29] [%emt
00:07:46]} 12. Kh1 {[%clk 00:48:02] [%emt 00:19:23]} 12... Bxf3 {[%clk
01:02:23] [%emt 00:02:36]} 13. gxf3 {[%clk 00:48:15] [%emt 00:00:18]} 13... Qd7
{[%clk 01:00:49] [%emt 00:02:05]} 14. Kg2 {[%clk 00:42:52] [%emt 00:05:52]}
14... h5 {[%clk 00:54:07] [%emt 00:07:12]} 15. h3 {[%clk 00:41:13] [%emt
00:02:09]} 15... g4 {[%clk 00:52:53] [%emt 00:01:43]} 16. fxg4 {[%clk 00:38:22]
[%emt 00:03:21]} 16... O-O-O {[%clk 00:29:06] [%emt 00:24:18]} 17. g5 {[%clk
00:34:42] [%emt 00:04:10]} 17... Nh7 {[%clk 00:27:30] [%emt 00:02:06]} 18. h4
{[%clk 00:34:40] [%emt 00:00:32]} 18... Rg7 {[%clk 00:24:55] [%emt 00:03:05]}
19. Nd2 {[%clk 00:30:43] [%emt 00:04:26]} 19... f6 {[%clk 00:21:43] [%emt
00:03:42]} 20. gxf6 {[%clk 00:28:50] [%emt 00:02:23]} 20... Nxf6 {[%clk
00:18:58] [%emt 00:03:15]} 21. Nf3 {[%clk 00:25:52] [%emt 00:03:29]} 21... d5
{[%clk 00:14:18] [%emt 00:05:10]} 22. exd5 {[%clk 00:22:54] [%emt 00:03:27]}
22... Nxd5 {[%clk 00:14:30] [%emt 00:00:19]} 23. Kh2 {[%clk 00:17:32] [%emt
00:05:52]} 23... Qg4 {[%clk 00:12:39] [%emt 00:02:21]} 24. Ng5 {[%clk 00:14:31]
[%emt 00:03:30]} 24... Nf4 {[%clk 00:08:46] [%emt 00:04:23]} 25. Bxf4 {[%clk
00:08:00] [%emt 00:07:02]} 25... Qxh4+ {[%clk 00:08:17] [%emt 00:00:58]} 26.
Nh3 {[%clk 00:06:57] [%emt 00:01:33]} 26... exf4 {[%clk 00:06:31] [%emt
00:02:17]} 27. Qxf4 {[%clk 00:07:04] [%emt 00:00:23]} 27... Qxf4+ {[%clk
00:06:15] [%emt 00:00:45]} 28. Nxf4 {[%clk 00:07:25] [%emt 00:00:10]} 28... Rg4
{[%clk 00:06:12] [%emt 00:00:32]} 1/2-1/2

[Event "ODJM B 2023"]
[Site "Willingen GER"]
[Date "2023.05.28"]
[Round "1"]
[White "Jacoby, Angelina"]
[Black "Christen, Jan"]
[Result "1/2-1/2"]
[Termination "normal"]
[Board "36"]
[WhiteElo "1583"]
[BlackElo "1598"]
[WhiteClock "00:07:25"]
[BlackClock "00:06:12"]
[PlyCount "110"]
[WhiteFideId "12999008"]
[BlackFideId "34643320"]
[EventCountry "GER"]
[EventRounds "9"]
[EventType "swiss"]
[EventDate "2023.05.27"]

1. d4 d5 2. Bf4 c5 3. e3 Nc6 4. c3 Nf6 5. Nf3 Qb6 6. Qc1 Bf5 7. h3 e6 8. Nbd2
h6 9. Be2 Be7 10. O-O O-O 11. Ne5 Nxe5 12. Bxe5 Rac8 13. Nf3 Ne4 14. Bd1 Bd6
15. Bxd6 Qxd6 16. Bc2 f6 17. Qb1 cxd4 18. exd4 e5 19. Rd1 Rfe8 20. Nh4 Bh7 21.
f3 Ng5 22. Bxh7+ Nxh7 23. Qg6 Nf8 24. Nf5 Qc7 25. Qg3 e4 26. Nxh6+ Kh7 27. Qxc7
Rxc7 28. Ng4 exf3 29. gxf3 Re2 30. Rab1 Rce7 31. Kf1 Ng6 32. Re1 Nf4 33. Nf2
Kg6 34. Nd3 Rxe1+ 35. Rxe1 Rxe1+ 36. Nxe1 Nxh3 37. Nd3 Kf5 38. Nc5 b6 39. Nd3
Nf4 40. Nb4 Ke6 41. Nc2 f5 42. Ne3 g5 43. a3 Nd3 44. Nd1 g4 45. fxg4 fxg4 46.
Ke2 Nf4+ 47. Kf2 Kf5 48. Ne3+ Ke4 49. Nxg4 Kd3 50. Ne3 Ke4 51. Nd1 b5 52. Kg3
Ne2+ 53. Kf2 Nf4 54. Kg3 Ne2+ 55. Kf2 Nf4 1/2-1/2

[Event "ODJM B 2023"]
[Site "Willingen GER"]
[Date "2023.05.28"]
[Round "1"]
[White "Heitmann, Erik"]
[Black "Duchstein, Anna"]
[Result "1/2-1/2"]
[Termination "normal"]
[Board "37"]
[WhiteElo "1236"]
[BlackElo "1568"]
[PlyCount "81"]
[WhiteFideId "34608940"]
[BlackFideId "16261372"]
[EventCountry "GER"]
[EventRounds "9"]
[EventType "swiss"]
[EventDate "2023.05.27"]

1. d4 d5 2. c4 c6 3. Nc3 Nf6 4. Nf3 e6 5. Bg5 h6 6. Bh4 Be7 7. cxd5 exd5 8. e3
Bf5 9. Qb3 Qb6 10. Be2 Qxb3 11. axb3 O-O 12. O-O Nbd7 13. Nd2 Bd6 14. Bg3 Bxg3
15. hxg3 a5 16. Rfc1 Rfe8 17. Na4 b5 18. Nc5 Nxc5 19. Rxc5 Bd7 20. Bd3 Ra6 21.
Nf3 Ng4 22. Ne1 Rea8 23. Nc2 Nf6 24. Na3 a4 25. b4 Ne8 26. e4 dxe4 27. Bxe4 Nd6
28. Bf3 Nf5 29. Rd1 Ne7 30. d5 Rb8 31. dxc6 Bxc6 32. Rd6 Bb7 33. Nxb5 Rxd6 34.
Nxd6 Bxf3 35. gxf3 Rxb4 36. Rb5 Rxb5 37. Nxb5 Nd5 38. Nd6 Kf8 39. Kf1 g6 40.
Nc4 Ke7 41. Ke2 1/2-1/2

[Event "ODJM B 2023"]
[Site "Willingen GER"]
[Date "2023.05.28"]
[Round "1"]
[White "Hoffmann, Alexander"]
[Black "Goda, Maurice"]
[Result "1-0"]
[Termination "normal"]
[Board "38"]
[WhiteElo "1568"]
[BlackElo "1453"]
[PlyCount "59"]
[WhiteFideId "16240219"]
[BlackFideId "34640940"]
[EventCountry "GER"]
[EventRounds "9"]
[EventType "swiss"]
[EventDate "2023.05.27"]

1. c4 e5 2. g3 d6 3. Bg2 Nc6 4. Nc3 Nf6 5. Nf3 Be6 6. b3 Be7 7. O-O Qd7 8. d4
Bh3 9. d5 Nb4 10. a3 Na6 11. b4 c6 12. dxc6 bxc6 13. Qa4 Bxg2 14. Kxg2 Qb7 15.
Nd5 Nxd5 16. cxd5 Rc8 17. dxc6 Qa8 18. c7+ Kf8 19. Qxa6 Rxc7 20. Be3 f6 21.
Rfc1 Rd7 22. Rc8+ Qxc8 23. Qxc8+ Rd8 24. Qb7 d5 25. Bc5 Re8 26. Rc1 g5 27.
Bxe7+ Rxe7 28. Rc8+ Kf7 29. Rxh8 Rxb7 30. Rxh7+ 1-0

[Event "ODJM B 2023"]
[Site "Willingen GER"]
[Date "2023.05.28"]
[Round "1"]
[White "Pac, Maksym"]
[Black "Yang, Markus"]
[Result "1-0"]
[Termination "normal"]
[Board "39"]
[WhiteElo "1249"]
[BlackElo "1518"]
[PlyCount "81"]
[WhiteFideId "34623558"]
[BlackFideId "16206550"]
[EventCountry "GER"]
[EventRounds "9"]
[EventType "swiss"]
[EventDate "2023.05.27"]

1. d4 e6 2. Nc3 Nf6 3. Bf4 Bb4 4. Qd3 Nc6 5. a3 Bxc3+ 6. bxc3 b6 7. e4 d6 8.
Qf3 Bb7 9. Bd3 Qe7 10. Ne2 e5 11. Be3 O-O 12. d5 Nd8 13. Qg3 Qd7 14. h3 Nxe4
15. Bxe4 f5 16. Bf3 f4 17. Nxf4 exf4 18. Bxf4 Qf7 19. Bh6 Kh8 20. Bh5 Qf6 21.
Bg5 Qf5 22. c4 Qe4+ 23. Be2 Nf7 24. Be3 Ne5 25. Rc1 Nxc4 26. Bd3 Qxd5 27. Qh4
Qa5+ 28. c3 h5 29. Bxc4 Bxg2 30. Rg1 Bf3 31. Rg5 Rf5 32. Be2 Bxe2 33. Kxe2 Qb5+
34. c4 Qb2+ 35. Ke1 Rxg5 36. Qxg5 Qxa3 37. Qxh5+ Kg8 38. Qd5+ Kh7 39. Qxa8 Qa5+
40. Kf1 Qf5 41. Qg2 1-0

[Event "ODJM B 2023"]
[Site "Willingen GER"]
[Date "2023.05.28"]
[Round "1"]
[White "Stiehler, Daniel"]
[Black "Oblender, Rudi"]
[Result "1/2-1/2"]
[Termination "normal"]
[Board "40"]
[WhiteElo "1493"]
[BlackElo "1391"]
[PlyCount "87"]
[WhiteFideId "34604863"]
[BlackFideId "34625089"]
[EventCountry "GER"]
[EventRounds "9"]
[EventType "swiss"]
[EventDate "2023.05.27"]

1. e4 e5 2. Nf3 Nc6 3. Bc4 Bc5 4. c3 d6 5. d3 Nge7 6. Nbd2 a6 7. Bb3 h6 8. h3
f5 9. Nh4 g6 10. exf5 Bxf5 11. Nxf5 gxf5 12. Be6 Ng6 13. Qh5 Qf6 14. Bxf5 Nce7
15. Bxg6+ Nxg6 16. Ne4 Qg7 17. Nxc5 dxc5 18. Be3 O-O-O 19. O-O-O Nf4 20. Qf5+
Kb8 21. g3 Rhf8 22. Qe4 Ne6 23. Rhe1 Qf7 24. Qxe5 Ng5 25. Bxg5 hxg5 26. Kb1 Qh7
27. Qe4 Qxh3 28. Rh1 Qd7 29. Rh7 Qb5 30. f4 gxf4 31. gxf4 Rfe8 32. Qf3 Re6 33.
f5 Rb6 34. Rh2 c4 35. d4 Rf8 36. Re1 Rxf5 37. Qe4 Ka7 38. Qe8 Qxe8 39. Rxe8
Rf1+ 40. Kc2 Rb5 41. Re7 c6 42. b3 cxb3+ 43. axb3 Ra5 44. Kd3 1/2-1/2

[Event "ODJM B 2023"]
[Site "Willingen GER"]
[Date "2023.05.28"]
[Round "1"]
[White "Aguike, Chidera"]
[Black "Hornstein, Leonhard Orell"]
[Result "1-0"]
[Termination "normal"]
[Board "41"]
[WhiteElo "1449"]
[BlackElo "1476"]
[PlyCount "131"]
[WhiteFideId "34611339"]
[BlackFideId "16254643"]
[EventCountry "GER"]
[EventRounds "9"]
[EventType "swiss"]
[EventDate "2023.05.27"]

1. e4 d5 2. exd5 Qxd5 3. d4 Nf6 4. Nf3 Bg4 5. Be2 e6 6. h3 Bxf3 7. Bxf3 Qa5+ 8.
c3 c6 9. Qb3 Qc7 10. O-O Nbd7 11. Re1 Be7 12. Nd2 O-O 13. Nc4 Nd5 14. Ne3 N7f6
15. Nxd5 exd5 16. Bg5 h6 17. Bh4 g5 18. Bg3 Bd6 19. Bxd6 Qxd6 20. Qxb7 Rfb8 21.
Qe7 Qxe7 22. Rxe7 Rxb2 23. Rc7 Rb6 24. Re1 Ne8 25. Rd7 Nf6 26. Rd6 Kg7 27. Re7
a6 28. Rc7 Rb1+ 29. Kh2 Ne8 30. Rdxc6 Nxc7 31. Rxc7 Rd8 32. Bh5 Rf8 33. Rd7 Rc1
34. Rc7 Rc2 35. a4 Rxf2 36. Bf3 Rd8 37. Rc5 f6 38. Bxd5 Rf5 39. Rc7+ Kf8 40.
Bb3 Rb8 41. Be6 Rf1 42. d5 Rd8 43. c4 Rd1 44. c5 R1xd5 45. Bxd5 Rxd5 46. c6 Rc5
47. Kg3 Rc4 48. a5 Ke8 49. Rc8+ Ke7 50. c7 Kd7 51. Ra8 Rc6 52. c8=Q+ Rxc8 53.
Rxa6 Ke7 54. Rb6 Ra8 55. a6 Kf7 56. Kg4 Kg6 57. Kf3 Kf5 58. g4+ Ke5 59. Rb5+
Ke6 60. Ra5 Ra7 61. Ke4 Kd6 62. Kf5 Ke7 63. Kg6 Ke6 64. Kxh6 Kf7 65. Kh7 f5 66.
Rxf5+ 1-0

[Event "ODJM B 2023"]
[Site "Willingen GER"]
[Date "2023.05.28"]
[Round "1"]
[White "Schächtelin, Jakob"]
[Black "Albayrak, Melissa"]
[Result "1-0"]
[Termination "normal"]
[Board "42"]
[WhiteElo "1468"]
[BlackElo "1362"]
[PlyCount "63"]
[WhiteFideId "34620834"]
[BlackFideId "16255283"]
[EventCountry "GER"]
[EventRounds "9"]
[EventType "swiss"]
[EventDate "2023.05.27"]

1. e4 e5 2. Nf3 Nc6 3. Bc4 Bc5 4. c3 Nf6 5. d4 exd4 6. cxd4 Bb4+ 7. Nc3 Nxe4 8.
O-O Nxc3 9. bxc3 Bxc3 10. Ba3 d6 11. Rc1 Ba5 12. Qa4 Bd7 13. d5 Ne5 14. Qxa5
Nxf3+ 15. gxf3 O-O 16. Kh1 Qf6 17. Qc3 Qf5 18. Bb2 f6 19. Qd3 Qh5 20. Bb3 Bb5
21. Bc4 Bd7 22. Rg1 b5 23. Bb3 Bf5 24. Qd1 Rfc8 25. Rg3 g6 26. Bc2 Bd7 27. Bb1
c5 28. Qd2 b4 29. a3 a5 30. axb4 axb4 31. Qf4 Qxd5 32. Bxg6 1-0

[Event "ODJM B 2023"]
[Site "Willingen GER"]
[Date "2023.05.28"]
[Round "1"]
[White "Stelter, Finja"]
[Black "Wilmink, Luca"]
[Result "0-1"]
[Termination "normal"]
[Board "43"]
[WhiteElo "1322"]
[BlackElo "1530"]
[PlyCount "92"]
[WhiteFideId "16298624"]
[BlackFideId "16245253"]
[EventCountry "GER"]
[EventRounds "9"]
[EventType "swiss"]
[EventDate "2023.05.27"]

1. e4 c5 2. Nf3 Nc6 3. d4 cxd4 4. Nxd4 g6 5. Nc3 Bg7 6. Be3 Nf6 7. Bb5 O-O 8.
Qd2 Ng4 9. Bxc6 Nxe3 10. Qxe3 dxc6 11. O-O-O Qb6 12. Rd3 e5 13. Nde2 Qxe3+ 14.
Rxe3 Bh6 15. f4 exf4 16. Rf3 Bg4 17. Rxf4 Bxe2 18. Nxe2 Bxf4+ 19. Nxf4 Rfe8 20.
Re1 Re7 21. Kd2 Rae8 22. Kd3 f5 23. Re2 Rxe4 24. Rxe4 Rxe4 25. g3 Re1 26. Ne2
Rh1 27. h4 Kf7 28. b3 Ke6 29. Ke3 Ke5 30. Nf4 b5 31. Nd3+ Kd6 32. Kf4 Ra1 33.
Ne5 Rf1+ 34. Nf3 Rf2 35. Ke3 Rxc2 36. Ng5 h6 37. Nf7+ Ke7 38. Nxh6 Kf8 39. Kf4
Kg7 40. Nxf5+ gxf5 41. Kxf5 Rxa2 42. g4 Rb2 43. g5 Rxb3 44. h5 Rh3 45. h6+ Rxh6
46. gxh6+ Kxh6 0-1